Responses for Show #3688 - Wednesday, September 20, 2000

Andrew Garen game 1.

Contestants

[<< previous game]

Andrew Garen, a project manager from Mamaroneck, New York

Barbara James, a freelance writer from Clifton, New Jersey

Dana Mermelstein, an international trade analyst from Washington, D.C.

[next game >>]

Jeopardy! Round responses

GEOGRAPHIC SQUARES
2
BOXING NICKNAMES
CELEBRITIES
"TOUCH" ME
IN THE MOURNING
    $100 1
Trafalgar Square

Barbara
    $100 24
Binoculars

Dana
    $100 2
Muhammad Ali (Cassius Clay)

Andrew
    $100 18
Oprah Winfrey

Dana
    $100 3
Touchdown

Andrew
    $100 10
Half-staff

Barbara
    $200 6
Times Square

Dana
    $200 25
20/20

Triple Stumper
    $200 11
Joe Louis

Andrew
    $200 19
Mrs. Robinson

Andrew
    $200 4
Touch-tone

Andrew
    $200 12
George Washington

Barbara
    $300 7
Red Square

Andrew
    $300 26
Popes

Dana
    $300 23
Jack Dempsey

Andrew
    $300 20
(A: Who is...um...(time)?)

Hilary Swank

Andrew
Triple Stumper
    $300 5
(A: What is a touchdown?)

Touch and go

DanaAndrew
    $300 13
Widow

Andrew
    $400 16
Tiananmen Square

Barbara
    $400 27
(Barbara: What is... sorry.)

turtle doves

BarbaraAndrew
    $400 29
Hector Camacho

Barbara
    $400 21
Lisa Kudrow

Barbara
    $400 8
Touchstone

Andrew
    $400 14
Wake

Andrew
    $500 17
Piazza San Marco (St. Mark's Square)

Dana
    $500 28
Double/binary stars

Andrew
    $500 30
Evander Holyfield

Triple Stumper
    $600 22
(B: Who is Liam Neeson?)
(Alex: He's married to Miller's daughter Rebecca.)

Daniel Day-Lewis

Barbara
    $500 9
Touch base

Andrew
    $500 15
Crypt

Dana

Scores at the first commercial break (after clue 17):

Dana Barbara Andrew
$1,500 $800 $2,200

Scores at the end of the Jeopardy! Round:

Dana Barbara Andrew
$2,000 $600 $3,300

Double Jeopardy! Round responses

AFRICAN HOT SPOTS
GARDENING
SHORT STORIES
20th CENTURY AMERICANS
OFF-BROADWAY 2000
"NINE" ACROSS
(Alex: This is a crossword-type category; I'll give you a clue & the number of letters in it, & each correct response will have "nine" in it)
    $200 6
Libya

Barbara
    $200 18
Rainwater

Dana
    $200 13
Kilimanjaro

Barbara
    $200 7
FBI

Barbara
    $200 25
(less than a minute to go...)

Frank Sinatra

Triple Stumper
    $200 1
Canine

Andrew
    $400 9
Khartoum

Andrew
    $400 19
Tomatoes

Andrew
    $400 14
(D: Who is the Headless Horseman?)

Rip Van Winkle

DanaAndrew
    $400 8
Grandma Moses

Andrew
    $400 26
"Home of the Brave"

Barbara
    $400 2
Quinine

Barbara
    $600 10
Robert Mugabe

Andrew
    $600 23
(A: What are weeds?)

Insects (pests)

DanaAndrew
    $600 15
"The Murders in the Rue Morgue"

Andrew
    $2,000 20
John Glenn

Andrew
    $600 27
Noel Coward

Dana
    $600 3
Asinine

Andrew
    $800 11
Sierra Leone

Andrew
    $800 24
(D: Wjhat is ballet?)

Ballerina

DanaAndrew
    $800 16
(B: Who is Hawthorne?)

O. Henry

DanaBarbara
    $800 21
Bill Veeck

Barbara
    $800 28
George Bernard Shaw

Andrew
    $1,200 4
Leonine

Andrew
    $1000 12
Laurent Kabila

Triple Stumper
    $1000 30
Pistils/stigmas

Andrew
    $1000 17
"The Catbird Seat"

Triple Stumper
    $1000 22
Alben Barkley

Triple Stumper
    $1000 29
(D: Who is Stomp?)
(B: Who is Cirque du Soleil?)

Blue Man Group

DanaBarbara
Triple Stumper
    $1000 5
Saturnine

Andrew

Scores at the end of the Double Jeopardy! Round:

Dana Barbara Andrew
$2,000 $1,000 $13,900
(lock game)

[wagering suggestions for these scores]

Final Jeopardy! Round responses

NEWSPAPERS
BarbaraWhat is "Variety"?
$1,000
DanaWhat is Variety?
$1,000
AndrewWhat is Variety?
$1,100
Variety

Final scores:

Dana Barbara Andrew
$3,000 $2,000 $15,000
2nd place: a trip to Mazatlan, Mexico courtesy of Yahoo! Travel 3rd place: a Wingspan Bank.com debit card New champion: $15,000

Game dynamics:

Coryat scores:

Dana Barbara Andrew
$2,000 $1,600 $12,100
11 R,
3 W
12 R,
4 W
(including 1 DD)
28 R
(including 2 DDs),
3 W

Combined Coryat: $15,700

[game clues] [game scores] [suggest correction]

Game tape date: 2000-08-22
The J! Archive is created by fans, for fans. Scraping, republication, monetization, and malicious use prohibited; this site may use cookies and collect identifying information. See terms. The Jeopardy! game show and all elements thereof, including but not limited to copyright and trademark thereto, are the property of Jeopardy Productions, Inc. and are protected under law. This website is not affiliated with, sponsored by, or operated by Jeopardy Productions, Inc. Join the discussion at JBoard.tv.